000 00426nam a2200157Ia 4500
003 OSt
005 20230527114356.0
008 211028s2008 xx 000 0 und d
040 _cAIMIT LIBRARY
041 _aeng
100 _aKasargod, Anjana; Maheshwari, Uma.
_g60471505
_98982
110 _aUma Maheshwari
_98983
245 _aTFBS prediction in deinococcus radiodurans.
260 _aMangalore
_c2008
942 _2ddc
_cPRO
999 _c220154
_d220154